| 000 | 00874cam a2200217 4500 | ||
|---|---|---|---|
| 001 | WB3727-19 | ||
| 008 | 000000n2001 000 0 eng u | ||
| 035 | _a(Sirsi) u113538 | ||
| 245 | _a'Flexible' London homes quotas demanded | ||
| 260 | _c2001 | ||
| 490 |
_aRegeneration and Renewal _v6 July 2001, 11(1) |
||
| 520 | _aAn economic development strategy published by the Thames Gateway London Partnership outlines concerns about the Mayor's proposals for a new strategy to issue quotas on social housing in east and south-east London. A draft version of the strategy can be found at http://www.thames-gateway.org.uk | ||
| 590 | _aWB | ||
| 650 | _aREGENERATION | ||
| 650 | _aECONOMIC DEVELOPMENT | ||
| 650 | _aEAST LONDON | ||
| 650 | _aSOUTH-EAST LONDON | ||
| 650 | _aTHAMES GATEWAY LONDON PARTNERSHIP | ||
| 690 |
_aAffordable housing _96215 |
||
| 942 | _n0 | ||
| 999 |
_c67630 _d67630 |
||